[Event "UKR-ch Women 2020"]
[Site "Kherson"]
[Date "2020.12.06"]
[Round "1.1"]
[White "Rakhmangulova, Anastasiya"]
[Black "Osmak, Iulija"]
[Result "0-1"]
[WhiteElo "2132"]
[BlackElo "2438"]
[Annotator "TA"]
[PlyCount "154"]
[EventDate "2020.12.06"]
[EventType "swiss"]
[EventCountry "UKR"]
[SourceTitle "playchess.com"]
[Source "ChessBase"]
[SourceQuality "1"]

{[%evp 14,154,6,-8,-9,-39,-25,-34,-9,-24,-10,-14,-3,-22,0,-9,42,6,61,55,69,41,72,45,54,56,38,38,36,20,33,10,15,0,0,0,0,1,0,-36,-7,-17,4,-11,-8,-12,-10,-19,-8,-10,-11,-103,0,0,0,-5,111,104,389,370,372,244,168,-25,-38,-31,133,0,0,-8,0,0,0,0,0,0,0,0,0,0,-8,-12,-14,-66,-66,-66,-66,-154,-154,-154,-154,-154,-154,-154,-154,-690,-154,-154,-146,-249,-146,-452,-244,-805,-805,-635,-700,-805,-243,-242,0,-767,-645,-1149,-1181,-1059,-926,-728,0,-700,-700,-693,-692,-595,0,-29968,-29969,-29968,-29968,-29967,-11354,-29983,-29984,-29984,-29985,-29984,-29985,-29986,-29987,-29986,-29987,-29987,-29988]} 1. e4 c5 2. Nc3 d6 3. g3 Nc6 4. Bg2 g6 5. Nge2 Bg7 6. O-O e6 7. d3 Nge7 8. h3 O-O {B25: Closed Sicilian: 3 g3, lines without early Be3.} 9. g4 f5 10. exf5 exf5 {[#] Black is slightly better.} 11. g5 $146 ({Predecessor:} 11. Nf4 fxg4 12. hxg4 Ne5 13. f3 N7c6 14. Qe1 Nd4 15. Qg3 Nxc2 16. Nh3 Nxa1 17. Bg5 {0-1 (27) Moussaoui,F (1790)-Dourerassou,J (2345) Thorigny 2005}) 11... Be6 12. Nf4 Bf7 13. Nce2 Qd7 14. c3 Rac8 (14... h6 $11 15. gxh6 Bf6) 15. Be3 Na5 (15... h6 $11 16. gxh6 Bf6) 16. b3 $14 Rfd8 17. Qd2 Nac6 18. Rac1 a5 {[%cal Ba7a5,Ba5a4][%mdl 32]} 19. d4 a4 20. d5 Ne5 21. c4 b5 22. Rc2 Rb8 23. Rfc1 axb3 24. axb3 bxc4 25. bxc4 Rb3 26. Ng3 Rdb8 27. Qe2 Kh8 28. Bd2 Nc8 29. Bc3 Nb6 30. Ne6 Bxe6 31. dxe6 Qe7 32. Nf1 (32. f4 $11 Nexc4 33. Nf1) 32... Qxg5 (32... Na4 $1 $17 33. f4 Rxc3 34. Rxc3 Nxc3 35. Rxc3 Nc6 $1 {[%mdl 512]}) 33. Nd2 $1 $11 Ra3 {White must now prevent ...Na4.} 34. Rb1 Ra6 (34... Qe7 $11) 35. Rcb2 $1 $16 Qd8 $2 {[%mdl 8192]} (35... Qe7 $16 {might work better.}) 36. f4 $18 Ra3 37. e7 Qxe7 38. Bxe5 $2 ({Don't take} 38. fxe5 $6 Rxc3 39. Rxb6 Rc1+ 40. Rxc1 Rxb6 $16) ({White has to play} 38. Rxb6 $18 Rxb6 39. Rxb6 Rxc3 40. Rb8+ (40. fxe5 h6 $16) 40... Bf8 41. fxe5 dxe5 42. Nf3 Rc1+ 43. Bf1) 38... dxe5 $11 39. Rxb6 Rd8 $2 (39... Rxb6 $15 {keeps the upper hand.} 40. Rxb6 Qd8) 40. Rb8 (40. fxe5 $16 Bxe5 41. Kh1) 40... e4 41. R1b7 Qe8 42. Rxd8 Qxd8 43. Nb3 Qd6 44. Qd2 Bd4+ 45. Nxd4 Qxd4+ 46. Qxd4+ cxd4 {[%mdl 4096] Endgame KRB-KR} 47. Rd7 d3 {Threatens to win with ...e3.} 48. Bf1 (48. Kf2 $11) 48... Rc3 $15 49. h4 h5 $1 50. Kf2 (50. Rd4 $15) 50... Rxc4 $17 51. Ke3 Rc1 {[%mdl 1024] Black has strong compensation.} 52. Bg2 Ra1 53. Kf2 Ra2+ 54. Kg1 $2 (54. Kg3 $17) 54... Kg8 $2 (54... e3 $1 $19 {[%cal Re3e2] and Black stays clearly on top. ( -> ...e2)} 55. Rxd3 Ra1+ 56. Kh2 e2 57. Rd8+ Kg7) 55. Bf1 Ra1 {Hoping for ...e3.} 56. Kf2 {[#]} (56. Kg2 $17 {was called for.}) 56... Rd1 (56... e3+ $1 $19 {[%mdl 512]} 57. Kxe3 Rxf1 58. Rd8+ Kg7 59. Rxd3 Rh1 60. Rd7+ Kh6) 57. Bh3 $2 {[%mdl 8192]} (57. Rd6 $17) 57... Rd2+ (57... Rh1 $142 58. Bg2 Rxh4 59. Bxe4 fxe4) 58. Ke3 $2 (58. Kg3) 58... Rh2 $19 59. Bf1 Rxh4 60. Bg2 Rh2 $2 (60... Rg4 61. Bxe4 fxe4 62. Kxe4 Rg3 63. Rd8+ Kf7 64. Rd7+ Ke8) 61. Kf2 {[#] aiming for Kg3. Cut Off at move 61} Rh4 $2 (61... e3+ $1 {[%mdl 512]} 62. Kxe3 Rxg2 63. Kxd3 h4) 62. Ke3 Rg4 63. Bxe4 fxe4 64. Kxe4 {KR-KR} Rg3 $1 65. f5 g5 $2 (65... h4 $1 $19 {Strongly threatening ...h3.} 66. Kf4 g5+ 67. Ke5 Kf8) 66. Ke5 $2 {[%mdl 8192]} (66. f6 $11) 66... Kf8 67. Kf6 Ke8 68. Rd4 {[#]} h4 $2 ({Black should play} 68... g4 $1 $19 69. Re4+ Kd7) 69. Kg6 $2 {[%mdl 8192]} (69. Kg7 $11) 69... h3 70. f6 {[#]} Rf3 $1 ({Inferior is} 70... h2 71. f7+ Ke7 72. Re4+ Kd6 73. f8=Q+ Kc6 74. Rc4+ Kd7 75. Qf7+ Kd6 76. Qc7+ Ke6 77. Rd4 h1=Q 78. Qd6#) 71. Re4+ Kd7 72. Kxg5 h2 {Black mates.} 73. Re7+ Kd6 74. Re1 d2 75. Rd1 Ke6 76. Kg4 Re3 77. f7 Kxf7 {Quite a comeback for Black.  Weighted Error Value: White=0.50/Black=0.57} 0-1

[Event "UKR-ch Women 2020"]
[Site "Kherson"]
[Date "2020.12.06"]
[Round "1.2"]
[White "Buksa, Nataliya"]
[Black "Hrebenshchykova, Yelyzaveta"]
[Result "1-0"]
[WhiteElo "2410"]
[BlackElo "2083"]
[Annotator "TA"]
[PlyCount "75"]
[EventDate "2020.12.06"]
[EventType "swiss"]
[EventCountry "UKR"]
[SourceTitle "playchess.com"]
[Source "ChessBase"]
[SourceQuality "1"]

{[%evp 12,75,32,38,58,19,48,42,52,20,34,14,14,19,32,11,53,0,0,-7,27,9,25,31,53,54,47,59,44,27,31,23,40,6,34,28,69,70,118,117,104,106,140,145,158,152,212,196,195,188,202,168,150,162,170,168,195,191,264,252,458,441,647,633,681,692]} 1. e4 c5 2. c3 d5 3. exd5 Qxd5 4. d4 e6 5. Nf3 Nf6 6. Na3 Qd8 7. Nc4 cxd4 {B22: Sicilian: 2 c3.} 8. Nxd4 Be7 9. Bd3 O-O {White is slightly better.} 10. Qc2 {[#]} Na6 $146 ({Predecessor:} 10... Nbd7 11. O-O Nc5 12. Be2 Bd7 13. Ne5 Be8 14. Bf3 Nd5 15. Qe2 Nc7 16. Rd1 Qc8 {1-0 (46) Filipovic,B (2445)-Wojtkiewicz,A (2550) Geneve 1990}) 11. Qe2 Nc5 12. Bc2 Qc7 13. Bg5 Bd7 14. O-O-O (14. O-O $14) 14... Ba4 15. b3 Be8 16. Rhe1 b5 17. Qe5 Qxe5 18. Nxe5 Rc8 19. Kb2 h6 20. Bxf6 Bxf6 21. f4 a6 22. g3 Nd7 23. Ng4 Bxd4 24. Rxd4 Nb6 {[#]} 25. f5 $1 exf5 26. Bxf5 Rc7 27. Rd6 Rb7 28. Ne5 f6 (28... a5 $16 29. Nf3 g6) 29. Ng6 Bxg6 30. Bxg6 a5 31. Red1 Rbb8 32. g4 Rfc8 33. Re6 Kf8 34. h4 Na8 (34... Kg8 $142 35. Rdd6 Na8) 35. Ra6 $18 a4 $2 {[#]} (35... Rd8 36. Rxd8+ Rxd8) 36. Rd7 {White is clearly winning.} Nc7 (36... Nb6 $142) 37. Ra7 Ne8 38. Bh7 {Weighted Error Value: White=0.08/Black=0.31} 1-0

[Event "UKR-ch Women 2020"]
[Site "Kherson"]
[Date "2020.12.06"]
[Round "1.3"]
[White "Petrova, Irina"]
[Black "Gaponenko, Inna"]
[Result "1/2-1/2"]
[WhiteElo "2077"]
[BlackElo "2390"]
[Annotator "TA"]
[PlyCount "74"]
[EventDate "2020.12.06"]
[EventType "swiss"]
[EventCountry "UKR"]
[SourceTitle "playchess.com"]
[Source "ChessBase"]
[SourceQuality "1"]

{[%evp 9,74,49,35,45,48,53,57,25,37,25,62,45,57,21,67,67,53,26,30,42,42,10,8,10,15,0,0,0,0,-2,-2,-2,0,0,0,0,0,0,0,0,0,0,0,0,0,0,0,0,0,0,0,0,0,0,0,0,0,0,0,0,0,0,0,0,0,0,0]} 1. e4 c5 2. Nf3 g6 3. c3 Nf6 4. e5 Nd5 5. d4 cxd4 6. Qxd4 {B27: Sicilian: 2 Nf3, unusual Black 2nd moves.} Nc7 7. Qh4 Nc6 8. Bh6 {White is slightly better.} Bxh6 9. Qxh6 d6 {[#]} 10. Bc4 $146 ({Predecessor:} 10. exd6 Qxd6 11. Be2 Bg4 12. O-O O-O-O 13. Nbd2 e5 14. Nc4 Qe7 15. Ne3 Bxf3 16. Bxf3 {1-0 (30) Vysochin,S (2550)-Mondrzycki,B (2056) Wroclaw 2012}) 10... Be6 11. Nbd2 Qd7 12. exd6 exd6 13. O-O-O {[#] aiming for Ne4.} d5 14. Bb3 O-O-O 15. Qf4 d4 {The position is equal.} 16. Nxd4 Nxd4 17. Qxd4 Qxd4 18. cxd4 Rxd4 19. Bxe6+ Nxe6 20. Nf3 Rxd1+ 21. Rxd1 $11 {[%mdl 4096] Endgame KRN-KRN} Rd8 22. g3 Rxd1+ 23. Kxd1 {KN-KN} Kd7 24. Ne5+ Ke7 25. Kd2 f6 26. Nd3 Kd6 27. Ke3 Kd5 28. b3 a5 29. h4 b5 30. g4 g5 31. hxg5 fxg5 32. f3 Nf8 33. f4 gxf4+ 34. Nxf4+ Kc5 35. Nd3+ Kd5 36. Nf4+ Ke5 37. Nd3+ Kd5 {Weighted Error Value: White=0.05/Black=0.04} 1/2-1/2

[Event "UKR-ch Women 2020"]
[Site "Kherson"]
[Date "2020.12.06"]
[Round "1.4"]
[White "Berdnyk, Mariia"]
[Black "Barchuk, Irina"]
[Result "1-0"]
[WhiteElo "2324"]
[BlackElo "2075"]
[Annotator "TA"]
[PlyCount "113"]
[EventDate "2020.12.06"]
[EventType "swiss"]
[EventCountry "UKR"]
[SourceTitle "playchess.com"]
[Source "ChessBase"]
[SourceQuality "1"]

{[%evp 22,113,37,19,29,13,20,16,60,36,35,50,60,65,57,62,54,58,58,52,162,0,0,0,23,0,0,-49,-40,-43,-54,-73,-100,-81,-25,-35,0,0,0,0,0,0,0,0,0,0,0,-9,0,-7,-1,0,0,-9,0,0,0,0,0,0,0,0,69,67,40,51,46,56,20,9,8,8,183,183,183,183,176,172,134,101,5498,5193,5073,4622,1970,1166,1857,1195,906,616,6522,6103,5189,1157]} 1. d4 Nf6 2. c4 g6 3. Nc3 Bg7 4. e4 O-O 5. Be2 d6 6. Nf3 e5 7. O-O Nc6 8. d5 Ne7 9. b4 Nh5 10. Re1 f5 11. Ng5 Nf6 12. Bf3 a5 {E97: King's Indian: Classical Main Line (6...e5 7 0-0 Nc6): 8 Be3 and 8 d5 Ne7, not 9 Ne1.} 13. bxa5 Rxa5 14. a4 h6 {The position is equal.} 15. Ne6 Bxe6 16. dxe6 {[#]} fxe4 $146 ({Predecessor:} 16... Qc8 17. Nb5 Rd8 18. Ba3 fxe4 19. Bxe4 Qxe6 20. Bb4 Raa8 21. Nxc7 Qxc4 22. Nxa8 Nxe4 {0-1 (44) Ovalles,O (2166)-Martinez Romero,M (2368) San Cristobal 2012}) 17. Nxe4 Qc8 18. Qb3 {Nxf6+ is the strong threat.} Nxe4 19. Bxe4 Qxe6 20. Bxb7 e4 (20... Rb8 $1 $14) 21. Bb2 ({White must play} 21. Bxe4 $18 Qf7 22. Ra2) 21... Bxb2 $11 22. Qxb2 c6 $1 23. Qb6 Rg5 24. Ra3 Qxc4 25. Ba6 Qc2 26. Be2 Qd2 27. Raa1 Nd5 (27... Rc5 $17 {aiming for ...Nd5.} 28. Qb3+ d5) 28. Bc4 $1 c5 29. Rf1 Qd4 30. Qb3 {[#] Hoping for Rad1.} e3 $1 {[%cal Re3e2][%mdl 512]} 31. Bxd5+ (31. Qxe3 Qxc4) 31... Qxd5 32. Qxd5+ Rxd5 33. fxe3 {[%mdl 4096] Endgame KRR-KRR} Ra8 34. Ra2 Kg7 35. Kf2 Kf6 36. Ke2+ Rf5 37. Rxf5+ Kxf5 {KR-KR} 38. a5 Ra6 39. Kd3 {White wants to play Kc4.} d5 40. e4+ dxe4+ 41. Kc4 e3 ({Black should play} 41... Kf4 $11) 42. Kd3 $1 $14 Ke5 43. Kxe3 c4 44. Kd2 Kd4 45. Ra4 g5 46. g4 Kc5 $2 (46... h5 $1 $11) 47. Kc3 $18 Kb5 48. Ra1 Kc5 49. h3 Kb5 50. Ra2 Rf6 $2 {[%mdl 8192] [#]} (50... Kc5 $16) 51. a6 $1 {[%cal Ra6a7][%mdl 512] White is clearly winning.} Rf3+ (51... Rxa6 52. Rxa6) 52. Kd4 Rd3+ 53. Ke4 Rd8 54. a7 Ra8 55. Kd4 Kb4 56. Rb2+ Ka3 57. Rb7 {Weighted Error Value: White=0.11/Black=0.18} (57. Rb1 $142 Ka4 58. Kxc4) 1-0

[Event "UKR-ch Women 2020"]
[Site "Kherson"]
[Date "2020.12.06"]
[Round "1.5"]
[White "Hryzlova, Sofiia"]
[Black "Babiy, Olga"]
[Result "1/2-1/2"]
[WhiteElo "2064"]
[BlackElo "2271"]
[Annotator "RC"]
[PlyCount "117"]
[EventDate "2020.12.06"]
[EventType "swiss"]
[EventCountry "UKR"]
[SourceTitle "playchess.com"]
[Source "ChessBase"]
[SourceQuality "1"]
[TimeControl "40/5400+30:1800+30"]

1. c4 {[%emt 0:00:00]} e5 {[%emt 0:00:00]} 2. g3 {[%emt 0:00:00]} c6 {[%emt 0:00:03]} 3. Nf3 {[%emt 0:00:44]} d6 {[%emt 0:00:40]} 4. Nc3 {[%emt 0:07:30]} Nf6 {[%emt 0:00:31]} 5. Bg2 {[%emt 0:03:58]} Be7 {[%emt 0:00:18]} 6. Qc2 {[%emt 0:12:34]} Bg4 {[%emt 0:04:56]} 7. h3 {[%emt 0:08:14]} Bxf3 {[%emt 0:05:43]} 8. Bxf3 {[%emt 0:04:41]} O-O {[%emt 0:00:19]} 9. d3 {[%emt 0:04:14]} Nfd7 {[%emt 0:04:08]} 10. O-O {[%emt 0:03:36]} a5 {[%emt 0:05:14]} 11. e4 {[%emt 0:03:30]} Nc5 {[%emt 0:03:36]} 12. Be3 {[%emt 0:02:35]} Ne6 {[%emt 0:03:51]} 13. Bg4 {[%emt 0:03:37]} Nd7 {[%emt 0:09:14]} 14. f4 {[%emt 0:05:12]} Bf6 {[%emt 0:14:43]} 15. a3 {[%emt 0:05:36]} exf4 {[%emt 0:16:47]} 16. gxf4 {[%emt 0:00:44]} Ndc5 {[%emt 0:00:29]} 17. Ne2 {[%emt 0:06:01]} Qb6 {[%emt 0:06:04]} 18. Rab1 {[%emt 0:10:21]} a4 {[%emt 0:02:31]} 19. Rf3 {[%emt 0:02:00]} Qb3 {[%emt 0:02:19]} 20. Qxb3 {[%emt 0:01:52]} Nxb3 {[%emt 0:00:03]} 21. Bxe6 fxe6 {[%emt 0:00:40]} 22. Rg3 {[%emt 0:02:58]} Rf7 {[%emt 0:04:45]} 23. d4 {[%emt 0:01:37]} b5 {[%emt 0:04:18]} 24. e5 {[%emt 0:03:07]} Be7 {[%emt 0:02:04]} 25. cxb5 {[%emt 0:00:45]} cxb5 {[%emt 0:00:02]} 26. Nc3 {[%emt 0:00:31]} dxe5 {[%emt 0:00:59]} 27. dxe5 {[%emt 0:00:32]} Bc5 {[%emt 0:01:47]} 28. Bxc5 {[%emt 0:02:27]} Nxc5 {[%emt 0:00:01]} 29. Nxb5 {[%emt 0:00:48]} Rb8 {[%emt 0:01:30]} 30. Nd6 {[%emt 0:00:47]} Rxf4 {[%emt 0:00:25]} 31. Rc1 {[%emt 0:01:47]} Nb3 {[%emt 0:02:10]} 32. Rc7 {[%emt 0:00:34]} g6 {[%emt 0:00:01]} 33. Rg4 {[%emt 0:01:14]} Rxg4+ {[%emt 0:02:09]} 34. hxg4 {[%emt 0:00:03]} Nd2 {[%emt 0:00:23]} 35. Kf2 {[%emt 0:00:22]} Rxb2 {[%emt 0:00:20]} 36. Ke3 {[%emt 0:00:44]} Nf1+ {[%emt 0:02:32]} 37. Kf4 {[%emt 0:00:58]} Rf2+ {[%emt 0:00:26]} 38. Kg5 {[%emt 0:00:08]} Nd2 {[%emt 0:00:25]} 39. Rc8+ Kg7 {[%emt 0:01:44]} 40. Rc7+ {[%emt 0:00:00]} Kg8 {[%emt 0:00:00]} 41. Ra7 {[%emt 0:13:03]} Rf1 {[%emt 0:03:53]} 42. Rxa4 {[%emt 0:02:43]} Kg7 {[%emt 0:03:14]} 43. Ra7+ {[%emt 0:00:52]} Kg8 {[%emt 0:00:06]} 44. a4 {[%emt 0:00:34]} Nf3+ {[%emt 0:00:12]} 45. Kf6 {[%emt 0:00:24]} Nh2+ {[%emt 0:05:21]} 46. Kxe6 {[%emt 0:02:32]} Nxg4 {[%emt 0:00:06]} 47. Ra8+ {[%emt 0:01:16]} Kg7 {[%emt 0:00:31]} 48. Ne8+ {[%emt 0:01:30]} Kh6 {[%emt 0:00:04]} 49. Nf6 {[%emt 0:00:29]} Ne3 {[%emt 0:03:17]} 50. Rh8 {[%emt 0:01:45]} Ra1 {[%emt 0:00:56]} 51. Rxh7+ {[%emt 0:01:13]} Kg5 {[%emt 0:00:02]} 52. Ne4+ {[%emt 0:01:45]} Kf4 {[%emt 0:03:35]} 53. Rh4+ {[%emt 0:01:01]} Kf3 {[%emt 0:00:29]} 54. Ng5+ {[%emt 0:00:20]} Kg3 {[%emt 0:00:51]} 55. Re4 {[%emt 0:00:49]} Ng4 {[%emt 0:03:14]} 56. Kf7 {[%emt 0:01:02]} Nxe5+ {[%emt 0:00:36]} 57. Kf6 {[%emt 0:00:36]} Nd7+ {[%emt 0:02:02]} 58. Kxg6 {[%emt 0:01:24]} Nc5 {[%emt 0:00:45]} 59. Re3+ {[%emt 0:02:35]} 1/2-1/2

[Event "UKR-ch Women 2020"]
[Site "Kherson"]
[Date "2020.12.06"]
[Round "1.6"]
[White "Martynkova, Olena"]
[Black "Grineva, Marianna"]
[Result "1-0"]
[WhiteElo "2222"]
[BlackElo "2001"]
[Annotator "TA"]
[PlyCount "99"]
[EventDate "2020.12.06"]
[EventType "swiss"]
[EventCountry "UKR"]
[SourceTitle "playchess.com"]
[Source "ChessBase"]
[SourceQuality "1"]

{[%evp 9,99,27,31,26,43,7,0,0,6,-1,62,42,50,38,60,43,48,59,51,50,56,33,70,67,68,44,50,48,74,44,69,34,68,50,35,45,62,47,91,84,80,58,110,-40,-31,-73,-59,-58,-64,-41,-2,-6,397,397,394,400,651,651,918,901,994,987,988,982,925,959,843,968,948,845,843,843,1102,1101,1092,1077,1187,1044,1613,908,1858,1021,2937,2462,29988,29989,29989,29990,29990,29991,29991,29983]} 1. e4 c5 2. Nf3 d6 3. d4 cxd4 4. Qxd4 Bd7 5. c4 Nc6 6. Qe3 {B53: Sicilian: 2...d6: Lines with Qxd4.} Nf6 7. Nc3 {[#]} Ng4 $146 ({Predecessor:} 7... g6 8. h3 Bg7 9. Be2 O-O 10. O-O b6 11. Rd1 Rc8 12. Rb1 Nh5 13. b3 f5 {1-0 (40) Kovalev,V (2703)-Golubka,P (2468) Skopje 2019}) 8. Qd2 {The position is equal.} g6 9. h3 Nf6 ({Better is} 9... Nge5 $11) 10. b3 Bg7 {aiming for ...Nxe4!} 11. Bb2 O-O 12. Bd3 Rc8 13. O-O Qa5 14. a3 Qh5 15. Ne2 Qc5 16. b4 Qb6 17. Rac1 Rfd8 18. Nc3 e5 19. Rc2 Ne7 20. b5 Nh5 21. Rb1 Nf4 22. Bf1 Bh6 23. Kh2 Bf8 24. Na4 Qc7 25. c5 $36 {[%mdl 2048] And now Rcc1 would win. White is more active.} f6 (25... Be6 $14) 26. Rbc1 ({White should try} 26. g3 $16 Ne6 27. Rbc1 dxc5 28. Nxc5 Nxc5 29. Rxc5 Qxc5 30. Rxc5 Rxc5 31. a4) 26... d5 $15 27. exd5 Nfxd5 {White must now prevent ...e4+.} 28. Kg1 Bf5 29. Rc4 Be6 30. Qe1 {[%cal Rf3e5]} Nf4 $2 {[%mdl 8192] [#] A mistake that costs the game.} (30... Bf7 $11 {and Black has nothing to worry.}) 31. Rxf4 $1 $18 {[%mdl 576] Pin} Nd5 (31... exf4 32. Qxe6+) 32. Re4 Bf5 (32... Bf7 $142 33. Bc4 h6) 33. Bc4 Kh8 {[#]} 34. Rxe5 $1 Nf4 {[#]} (34... fxe5 35. Bxe5+) 35. Rxf5 $1 gxf5 36. Bxf6+ {[%mdl 64] Double Attack} Bg7 37. Bxd8 Rxd8 38. Ng5 Rf8 39. Ne6 Nxe6 40. Qxe6 Qa5 41. c6 bxc6 42. bxc6 f4 43. Bf1 Qd2 44. Qe1 Qd6 45. Nc5 f3 46. Ne6 fxg2 47. Nxf8 {White mates.} gxf1=Q+ 48. Qxf1 Qxf8 49. c7 Qc8 {[#]} 50. Qa6 $1 {[%mdl 576] Promotion.  Weighted Error Value: White=0.16/Black=0.54} 1-0

[Event "UKR-ch Women 2020"]
[Site "Kherson"]
[Date "2020.12.06"]
[Round "1.7"]
[White "Dubovyk, Anastasiia"]
[Black "Shpanko, Nadiia"]
[Result "0-1"]
[WhiteElo "1971"]
[BlackElo "2235"]
[Annotator "TA"]
[PlyCount "84"]
[EventDate "2020.12.06"]
[EventType "swiss"]
[EventCountry "UKR"]
[SourceTitle "playchess.com"]
[Source "ChessBase"]
[SourceQuality "1"]

{[%evp 13,84,-37,-45,-52,15,-34,-36,-50,-18,-12,20,22,22,21,40,6,18,-110,-85,-98,-85,-83,114,106,103,128,129,7,59,-14,-27,-27,-10,-57,-37,-90,-6,-65,-60,-116,-121,-135,-134,-120,276,270,326,0,69,0,0,0,0,0,0,0,0,0,0,-64,-60,-134,-133,-272,-207,-453,-451,-876,-878,-867,-851,-719,-381]} 1. e4 e6 2. d4 d5 3. e5 c5 4. c3 Nc6 5. Nf3 Bd7 6. a3 f6 7. b4 fxe5 {And now ...e4 would win.} 8. dxe5 {8.dxe5 scores better than 8.b5. C02: French: Advance Variation.} Nh6 (8... Qc7 $15) 9. Bd3 (9. Bxh6 $5 gxh6 10. Bb5 $15) 9... Nf7 10. Qe2 {Black is slightly better.} c4 11. Bc2 Qc7 12. Bf4 Be7 13. h4 O-O-O 14. Nbd2 Rdf8 {[#]} 15. O-O-O $146 (15. a4 $11) ({Predecessor:} 15. Qe3 Kb8 16. O-O g6 17. Rae1 Qd8 18. Ng5 Qe8 19. Nxf7 Rxf7 20. Bg5 h6 21. Bxe7 Nxe7 {1-0 (90) Prohaszka,P (2344)-Caruana,F (2409) Budapest 2006}) 15... a5 16. Nb1 axb4 17. axb4 Bxb4 $2 (17... b5 $17 {and life is bright.}) 18. cxb4 $16 Nxb4 19. Nc3 $1 Qa5 20. Nd4 (20. Qe3 $1 $16) 20... Nd8 (20... Nc6 $11 21. Nxc6 (21. Ndb5 Nb4 $11) 21... Bxc6) 21. Bg3 (21. Be3 $14) 21... Ndc6 $36 {[%mdl 2048] Black is more active.} 22. Qe3 $1 Nxd4 23. Qxd4 Nc6 24. Qe3 Be8 ({Don't play} 24... d4 $6 25. Rxd4 Nxd4 26. Qxd4 $11) ({Black should try} 24... b5 $17 25. f4 b4) 25. Ne2 (25. Rd2 $1 $11) 25... Nb4 $15 {Hoping for ...Kb8.} 26. Bb1 (26. Qd4 $1 $15) 26... Bg6 $1 $17 {[%cal Rg6b1] aiming for ...Bxb1.} 27. Qc3 Bxb1 ({And not} 27... Na2+ 28. Bxa2 Qxa2 29. Qb2 $16) 28. Kxb1 Kb8 $2 {[%mdl 8192] [#]} (28... Kd7 $1 $17 {stays on course. ...Qa2+ is the strong threat.} 29. Qb2 Rc8) 29. Rd2 $1 $18 {Threatens to win with Nd4.} Qa4 30. Nc1 $2 (30. Nd4 $18) 30... Rd8 (30... Kc7 $11 31. Rb2 Nc6) 31. Rb2 (31. Bf4 $14) 31... Nc6 $11 32. Ra2 Qb5+ 33. Qb2 Qc5 $1 34. Qa3 Qxa3 35. Rxa3 d4 36. Na2 (36. Ne2 $11) 36... b5 $15 {[%cal Bb7b5,Bb5b4,Bb4b3][%mdl 1056] Black has compensation.} 37. Rf3 {[#]} ({White should play} 37. f4 $15) 37... Rd7 $1 $17 38. Kc2 (38. Rf4 $17 {might work better.}) 38... b4 {Strongly threatening ...b3+.} 39. Nc1 $2 (39. Rb1 b3+ {[%mdl 64] Double Attack} 40. Kd1) 39... d3+ $19 {Black is clearly winning.} 40. Rxd3 (40. Nxd3 $142 Nd4+ {[%mdl 64] Double Attack} 41. Kb1 Nxf3 42. Nc5 Nd2+ 43. Kc1) 40... cxd3+ 41. Nxd3 {[#]} b3+ $1 42. Kc3 (42. Kxb3 Rxd3+) 42... Nd4 {What a bad dream for White.  Weighted Error Value: White=0.63/Black=0.39} 0-1

[Event "UKR-ch Women 2020"]
[Site "Kherson"]
[Date "2020.12.06"]
[Round "1.8"]
[White "Doluhanova, Evgeniya"]
[Black "Yeshchenko, Uliana"]
[Result "1-0"]
[WhiteElo "2229"]
[BlackElo "1872"]
[Annotator "TA"]
[PlyCount "101"]
[EventDate "2020.12.06"]
[EventType "swiss"]
[EventCountry "UKR"]
[SourceTitle "playchess.com"]
[Source "ChessBase"]
[SourceQuality "1"]

{[%evp 17,101,30,41,30,47,19,8,0,0,0,0,-14,8,-8,-12,-27,-25,-69,-73,-70,-11,-10,-18,-35,0,-26,122,116,125,111,279,276,277,141,136,140,121,87,151,145,157,97,101,102,110,115,102,114,110,109,108,105,139,127,147,119,123,114,113,64,92,79,121,86,120,102,219,207,374,283,322,198,217,208,208,200,448,426,788,783,733,774,748,717,1067,935]} 1. c4 e6 2. Nc3 d5 3. e3 Nf6 4. b3 Be7 5. Bb2 O-O 6. Nf3 c5 7. cxd5 Nxd5 8. Nxd5 Qxd5 9. Bc4 Qd8 10. O-O {A13: English Opening: 1...e6.} Nc6 {[%cal Bb8c6,Bc6b4,Bb4d3][%mdl 32]} 11. Rc1 {[%cal Ba1c1,Bc1c4,Bc4g4][%mdl 32] [#]} Nb4 $146 ({Predecessor:} 11... b6 12. d4 Bb7 13. dxc5 Bxc5 14. Qc2 Qe7 15. Qc3 f6 16. Nd4 Nxd4 17. exd4 Bb4 18. Bxe6+ Qxe6 19. Qxb4 Bxg2 20. Kxg2 {½-½ (20) Larsen,B (2620)-Panchenko,A Las Palmas 1978}) 12. a4 {The position is equal.} Nd3 13. Bxd3 Qxd3 14. Ne5 Qe4 15. Rc4 Qd5 16. Rg4 f6 17. Nc4 e5 18. Rg3 Rd8 (18... Bf5 $15) 19. Qh5 Qf7 20. Qe2 e4 21. f3 Bf5 (21... Qh5 $11 {keeps the balance.}) 22. fxe4 $16 Bxe4 {aiming for ...Bd3.} 23. Qg4 Bd5 $2 {[#]} (23... Bg6 $16 {is a better defense.}) 24. Ne5 $1 $18 {[%cal Re5f7][%mdl 576] Pin} Qf8 {intending ...Rd6.} (24... fxe5 25. Rxf7) 25. Nd7 (25. e4 $1 $18 {[%cal Re4d5]} Bf7 26. Nd7 Rxd7 27. Qxd7) 25... Rxd7 26. Qxd7 Rd8 27. Qg4 {e4 is the strong threat.} Bxb3 (27... Qf7 $142) 28. e4 $16 Qf7 29. e5 ({White should play} 29. Bxf6 $1 Bxf6 30. e5 $1 {[%mdl 512]}) 29... Be6 {[#]} 30. Qxg7+ $1 {[%mdl 576] Remove Defender} Qxg7 31. Rxg7+ Kxg7 32. exf6+ Kg8 {And now ...Bf8 would win.} 33. fxe7 {[%cal Re7d8][%mdl 4096] Endgame KRB-KRB} Re8 34. Bf6 Bb3 35. Rf4 b6 36. Kf2 Kf7 37. Bg5+ Ke6 38. Rf6+ Kd5 39. Rh6 Bc2 40. Rh4 c4 41. Ke3 Bd3 (41... Bxa4 $16 42. Rxh7 a5) 42. Rd4+ $18 Kc5 $2 (42... Ke6 43. Rd8 Kf7) 43. Rd7 a5 44. Rd8 Bg6 45. g4 b5 46. axb5 Kxb5 $2 (46... a4 {keeps fighting.} 47. Rd7 Kxb5) 47. Kd4 {White is clearly winning.} Bf7 (47... a4 $142 48. Rd7 a3) 48. Ke5 a4 49. Kd6 c3 50. dxc3 Kc4 51. Bc1 {Weighted Error Value: White=0.20/Black=0.40} 1-0